[Event "4NCL 2009-10"]
[Site "Sunningdale ENG"]
[Date "2010.01.16"]
[Round "3"]
[White "Milovanovic,A"]
[Black "Hebden,M"]
[Result "0-1"]
[WhiteElo "2246"]
[BlackElo "2503"]
[EventDate "2009.10.24"]

1. d4 Nf6 2. c4 g6 3. Nc3 Bg7 4. e4 d6 5. Bd3 O-O 6. Nge2 Nc6 7. O-O Nh5 8.
Be3 e5 9. Bc2 exd4 10. Nxd4 Ne5 11. b3 c5 12. Nde2 f5 13. f3 f4 14. Bf2 Be6
15. Qd2 g5 16. Rad1 Nf7 17. Nd5 Be5 18. b4 b6 19. Ba4 Nh8 20. g4 fxg3 21.
Bxg3 Ng6 22. bxc5 bxc5 23. Kh1 Rb8 24. Bb3 Rb7 25. f4 gxf4 26. Nexf4 Nhxf4
27. Nxf4 Bxf4 28. Bxf4 Rbf7 29. Qxd6 Qxd6 30. Rxd6 Rxf4 0-1

[Event "4NCL 2009-10"]
[Site "Sunningdale ENG"]
[Date "2010.01.16"]
[Round "3"]
[White "Eckersley Waites,T"]
[Black "Emms,J"]
[Result "0-1"]
[WhiteElo "2247"]
[BlackElo "2484"]
[EventDate "2009.10.24"]

1. d4 Nf6 2. c4 e6 3. Nc3 Bb4 4. Qc2 O-O 5. Bg5 c5 6. d5 d6 7. O-O-O Bxc3
8. bxc3 e5 9. e3 Nbd7 10. Bd3 Qa5 11. Nf3 h6 12. Bh4 e4 13. Bxe4 Nxe4 14.
Qxe4 Qxa2 15. Qc2 Qxc4 16. Be7 Re8 17. Bxd6 Nf6 18. Nd2 Qxd5 19. Nb3 Bf5
20. Qb2 Qc6 21. Bxc5 Ne4 22. Bb4 a5 23. Nxa5 Qa4 24. f3 Nf2 25. e4 Nxh1 26.
Rxh1 Be6 27. Nxb7 Qa1+ 28. Qb1 Rec8 29. Kd2 Qa7 30. Nd6 Qf2+ 31. Kd3 Ra2
32. Qe1 Qc2+ 33. Kd4 Rd8 34. e5 Qxg2 35. c4 Qxf3 36. Qe4 Qf2+ 37. Qe3 Qc2
38. Qd3 Qb2+ 39. Qc3 Qg2 40. Ra1 Rc2 0-1

[Event "4NCL 2009-10"]
[Site "Sunningdale ENG"]
[Date "2010.01.16"]
[Round "3"]
[White "Ward,C"]
[Black "Dickinson,T"]
[Result "1-0"]
[WhiteElo "2431"]
[BlackElo "2151"]
[EventDate "2009.10.24"]

1. d4 e6 2. Nf3 Nf6 3. c4 b6 4. Nc3 Bb7 5. Bg5 d5 6. cxd5 exd5 7. Qa4+ Bc6
8. Qb3 Be7 9. Ne5 Bb7 10. e3 O-O 11. Be2 c6 12. O-O Nfd7 13. Bxe7 Qxe7 14.
Nf3 Nf6 15. a4 Nbd7 16. a5 Rfb8 17. Rfc1 bxa5 18. Rxa5 Ba6 19. Qa2 Bxe2 20.
Nxe2 Qb4 21. Rc2 Rb7 22. Nc1 Qd6 23. Nd3 Nb8 24. Nfe5 Nfd7 25. Qa3 Qxa3 26.
Rxa3 Nxe5 27. Nxe5 f6 28. Nxc6 Nxc6 29. Rxc6 Rxb2 30. g3 Rb5 31. Raa6 Rb7
32. Rd6 Rc8 33. Rxd5 Kf7 34. Rda5 Rcc7 35. Kg2 g6 36. Kf3 Re7 37. h4 h5 38.
Rc6 Rb6 39. Ra6 Rxc6 40. Rxc6 Rb7 41. Ke4 a5 42. Ra6 Rb5 43. f3 Ke7 44. g4
Kf7 45. Ra7+ Kf8 46. Kf4 Rd5 47. Kg3 hxg4 48. fxg4 Kg8 49. Kf4 Kf8 50. g5
fxg5+ 51. hxg5 Rf5+ 52. Ke4 Rxg5 53. d5 a4 54. d6 Ke8 55. Kd4 Rg1 56. Kd5
1-0

[Event "4NCL 2009-10"]
[Site "Sunningdale ENG"]
[Date "2010.01.16"]
[Round "3"]
[White "Williams,Si1"]
[Black "Mestel,J"]
[Result "0-1"]
[WhiteElo "2545"]
[BlackElo "2473"]
[EventDate "2009.10.24"]

1. d4 Nf6 2. c4 g6 3. h4 d6 4. Nc3 Bg7 5. e4 Nc6 6. Nge2 O-O 7. h5 Nxh5 8.
Bg5 f6 9. Be3 f5 10. Qd2 Nxd4 11. Rxh5 gxh5 12. Bxd4 e5 13. Be3 f4 14. Qd5+
Kh8 15. Bd2 c6 16. Qd3 Bg4 17. Ng1 Qb6 18. Na4 Qc7 19. Bb4 Rfd8 20. Rc1 a6
21. Qd2 b6 22. Nf3 Rd7 23. Be2 Qd8 24. Rd1 d5 25. cxd5 cxd5 26. exd5 e4 27.
Ng1 e3 28. fxe3 Qh4+ 29. Kf1 fxe3 30. Qxe3 Bxe2+ 31. Nxe2 Qxb4 32. Nac3 Re7
33. Qh3 Qc5 34. d6 Rf8+ 35. Ke1 Re3 36. Qh4 Bxc3+ 37. bxc3 Qxc3+ 38. Rd2
Qa1+ 39. Rd1 Qe5 40. Qc4 b5 0-1

[Event "4NCL 2009-10"]
[Site "Sunningdale ENG"]
[Date "2010.01.16"]
[Round "3"]
[White "Richardson,Joh"]
[Black "Harakis,A"]
[Result "1-0"]
[WhiteElo "2298"]
[BlackElo "2263"]
[EventDate "2009.10.24"]

1. d4 Nf6 2. c4 e6 3. Nc3 Bb4 4. e3 O-O 5. Nge2 d5 6. a3 Be7 7. Nf4 c6 8.
cxd5 exd5 9. Bd3 Re8 10. O-O Bd6 11. f3 Qb6 12. Kh1 Nbd7 13. g4 Nf8 14. g5
Bxf4 15. gxf6 Bxe3 16. Re1 Bxc1 17. Rxe8 Bh6 18. Qe1 g5 19. Qe7 Be6 20.
Rxa8 Qxd4 21. Rg1 Qf4 22. Rg3 Qc1+ 23. Kg2 Qd2+ 24. Ne2 b6 25. h4 Qxd3 26.
Rxg5+ 1-0

[Event "4NCL 2009-10"]
[Site "Sunningdale ENG"]
[Date "2010.01.16"]
[Round "3"]
[White "Mack,A"]
[Black "Wheeler,D"]
[Result "1-0"]
[WhiteElo "2237"]
[BlackElo "2240"]
[EventDate "2009.10.24"]

1. e4 e6 2. d4 d5 3. Bd3 dxe4 4. Bxe4 Nf6 5. Bf3 c5 6. c3 Na6 7. Ne2 Be7 8.
O-O cxd4 9. Nxd4 O-O 10. Qe2 Bc5 11. Rd1 Qe7 12. b4 Bxd4 13. Rxd4 Nc7 14.
Qe5 Rd8 15. Rxd8+ Qxd8 16. c4 Nd7 17. Qe2 a5 18. b5 Rb8 19. Nc3 e5 20. Be3
b6 21. Rd1 f5 22. Bc6 Qe7 23. Bf4 Qf6 24. Bc1 Nc5 25. Bb2 N5e6 26. Nd5 Qf7
27. Qxe5 Bd7 28. Nxc7 Bxc6 29. Nxe6 1-0

[Event "4NCL 2009-10"]
[Site "Sunningdale ENG"]
[Date "2010.01.16"]
[Round "3"]
[White "Snape,I"]
[Black "Naylor,J"]
[Result "1/2-1/2"]
[WhiteElo "2189"]
[BlackElo "2189"]
[EventDate "2009.10.24"]

1. c4 g6 2. g3 Bg7 3. Bg2 d6 4. Nc3 e5 5. d3 Nc6 6. Rb1 a5 7. a3 Nf6 8. Nf3
O-O 9. O-O Re8 10. Bg5 h6 11. Bxf6 Bxf6 12. b4 axb4 13. axb4 Bg7 14. b5 Ne7
15. Qb3 Be6 16. Nd5 c6 17. Nxe7+ Rxe7 18. bxc6 bxc6 19. Nd2 d5 20. Rfc1 Qa5
21. Rc2 Rd7 22. h3 h5 23. cxd5 cxd5 24. Qb5 Qxb5 25. Rxb5 Ra1+ 26. Kh2 h4
27. Nf3 hxg3+ 28. fxg3 Bf6 29. h4 Rd6 30. e4 Ra3 31. Ne1 dxe4 32. dxe4 Be7
33. Nf3 f6 34. Rb7 Rd7 35. Rxd7 Bxd7 36. Rc7 Rd3 37. Bf1 Rd6 38. Bc4+ Kf8
39. Rb7 Bd8 40. Bd5 Ke8 41. Kg2 Rb6 42. Rxb6 Bxb6 43. Nh2 Ke7 44. g4 f5
1/2-1/2

[Event "4NCL 2009-10"]
[Site "Sunningdale ENG"]
[Date "2010.01.16"]
[Round "3"]
[White "Rich,M"]
[Black "Anderton,D"]
[Result "1-0"]
[WhiteElo "2151"]
[BlackElo "2211"]
[EventDate "2009.10.24"]

1. e4 e6 2. d4 d5 3. exd5 exd5 4. c4 Bb4+ 5. Nc3 Ne7 6. Bd3 O-O 7. a3 Bxc3+
8. bxc3 Re8 9. Ne2 Bf5 10. O-O Nbc6 11. Bf4 Bxd3 12. Qxd3 dxc4 13. Qxc4 Qd5
14. Qd3 Qd7 15. Rad1 Ng6 16. Bc1 Rad8 17. f4 Nce7 18. Ng3 c5 19. f5 Ne5 20.
Qe4 N5c6 21. Qg4 Kh8 22. Nh5 Rg8 23. dxc5 Qc8 24. Rxd8 Nxd8 25. Be3 f6 26.
Bd4 Qc6 27. Qh4 Rf8 28. g4 Nf7 29. Nxf6 gxf6 30. Bxf6+ Kg8 31. Bxe7 Re8 32.
f6 b6 33. Rf5 Qe4 34. Qg3 bxc5 35. Rxc5 Qb1+ 36. Kg2 Rb8 37. Rf5 Qe4+ 38.
Qf3 Qe1 39. h4 Qxh4 40. Qg3 Rb2+ 41. Rf2 Qxg3+ 42. Kxg3 Rb3 43. Bb4 h6 44.
Kf4 Kh7 45. Ke4 a5 46. Bxa5 Rxa3 47. Bb4 Ra1 48. Kf5 Re1 49. c4 Re5+ 50.
Kf4 Re6 51. Be7 Kg6 52. Rd2 Ng5 53. c5 Re4+ 54. Kg3 Rc4 55. Rd5 Ne4+ 56.
Kf3 Nxf6 57. Rd6 Kf7 58. Bxf6 Rxc5 59. Bd4 Rc4 60. Ke4 1-0

[Event "4NCL 2009-10"]
[Site "Sunningdale ENG"]
[Date "2010.01.16"]
[Round "3"]
[White "Rice,C"]
[Black "Bellin,J"]
[Result "1/2-1/2"]
[WhiteElo "2103"]
[BlackElo "2151"]
[EventDate "2009.10.24"]

1. c4 e5 2. g3 Nc6 3. Bg2 g6 4. Nc3 Bg7 5. e4 d6 6. Nge2 f5 7. d3 Nf6 8.
O-O O-O 9. Nd5 Ne7 10. Nxf6+ Rxf6 11. d4 Rf8 12. dxe5 dxe5 13. Bg5 Qe8 14.
Qd2 Nc6 15. exf5 gxf5 16. Rfe1 Be6 17. Bd5 Bxd5 18. Qxd5+ Qf7 19. Rad1 Qxd5
20. Rxd5 Rae8 21. Rd7 Rf7 22. Red1 Nd4 23. Rxf7 Kxf7 24. Nxd4 exd4 25. Kf1
c5 26. Re1 Be5 27. Rd1 Re6 28. Re1 a6 29. f4 Bc7 30. Rxe6 Kxe6 31. Ke2 h5
32. Kd3 Ba5 33. Bh4 Bc7 1/2-1/2

[Event "4NCL 2009-10"]
[Site "Sunningdale ENG"]
[Date "2010.01.16"]
[Round "3"]
[White "Thompson,I"]
[Black "Berry,N"]
[Result "1/2-1/2"]
[WhiteElo "2266"]
[BlackElo "2301"]
[EventDate "2009.10.24"]

1. c4 e5 2. g3 c6 3. d4 e4 4. Nc3 d5 5. cxd5 cxd5 6. Nh3 Nc6 7. Nf4 Nf6 8.
e3 Bb4 9. Bd2 O-O 10. Rc1 Bf5 11. h3 g5 12. Nh5 Nxh5 13. Qxh5 Bg6 14. Qd1
Rc8 15. h4 h6 16. Qb3 Bxc3 17. Rxc3 Qd7 18. Rc5 Rfd8 19. Be2 Kg7 20. a3 Bf5
21. Qd1 Be6 22. Bb5 Bg4 23. Be2 Bxe2 24. Qxe2 Qf5 25. Rc1 Ne7 26. Rxc8 Rxc8
27. hxg5 hxg5 28. Qh5 Qg6 29. Qd1 Ng8 30. Qb3 Qc6 31. O-O Nf6 32. Rc1 Qd7
33. Rxc8 Qxc8 34. Kg2 Qc6 35. Bb4 Ng4 36. Qd1 f5 37. Be1 b5 38. Qb3 Qc4 39.
Qb4 Qxb4 40. Bxb4 Kf7 41. Ba5 Ke8 42. Kf1 Nf6 1/2-1/2

[Event "4NCL 2009-10"]
[Site "Sunningdale ENG"]
[Date "2010.01.16"]
[Round "3"]
[White "Piper,M"]
[Black "Anderton,M"]
[Result "1-0"]
[WhiteElo "2304"]
[BlackElo "2232"]
[EventDate "2009.10.24"]

1. e4 e6 2. d4 d5 3. Nd2 Nf6 4. e5 Nfd7 5. Bd3 c5 6. c3 Nc6 7. Ne2 cxd4 8.
cxd4 f6 9. exf6 Nxf6 10. O-O Bd6 11. Nf3 Qc7 12. g3 O-O 13. Bf4 Bd7 14. Rc1
Ng4 15. Bxd6 Qxd6 16. Nc3 Nh6 17. Re1 a6 18. Ne5 Nxe5 19. Rxe5 g6 20. Qe2
Qb6 21. Rd1 Qxd4 22. Bxg6 Qxf2+ 23. Qxf2 Rxf2 24. Rg5 hxg6 25. Kxf2 Kg7 26.
h4 Nf7 27. Rg4 Ne5 28. Rf4 Rc8 29. Kg1 Nc4 30. Rdf1 Nd6 31. R1f2 b5 32. g4
a5 33. a3 Rh8 34. h5 gxh5 35. gxh5 Rxh5 36. Rg2+ Kh7 37. Rf8 Be8 38. Ne2
Bg6 39. Nf4 Rh6 40. Nxe6 Nf5 41. Rc2 Nd6 42. Rc7+ Bf7 43. Rcxf7+ Nxf7 44.
Rxf7+ Kg8 45. Rf8+ Kh7 46. Nd4 b4 47. axb4 Rh4 48. Nc2 Rc4 49. Rf2 axb4 50.
Kf1 1-0

[Event "4NCL 2009-10"]
[Site "Sunningdale ENG"]
[Date "2010.01.16"]
[Round "3"]
[White "Rogers,Jo"]
[Black "Jackson,A"]
[Result "1/2-1/2"]
[WhiteElo "2329"]
[BlackElo "2216"]
[EventDate "2009.10.24"]

1. d4 Nf6 2. Nf3 b5 3. e4 Nxe4 4. Bxb5 e6 5. O-O Be7 6. Re1 Bb7 7. Qd3 Nf6
8. c4 O-O 9. Nc3 d6 10. Ba4 Nbd7 11. Bc2 Re8 12. Bd2 c5 13. d5 e5 14. Ng5
g6 15. Qf3 Bf8 16. h4 h6 17. Nge4 Nxe4 18. Nxe4 f5 19. Qg3 fxe4 20. Qxg6+
Bg7 21. Rxe4 Qf6 22. Qg3 Kh8 23. Rg4 Nf8 24. Re1 Bc8 25. Rxg7 Qxg7 26. Qd3
Nh7 27. Re3 Bd7 28. Rg3 Qe7 29. Rg6 Rg8 30. Rxh6 Rg7 31. Bg5 Qf7 32. Rxd6
Rf8 33. Qe3 Nxg5 34. hxg5 Qf4 35. Qxc5 Qc1+ 36. Kh2 Qxg5 37. g3 Rff7 38.
Kg2 Qh5 39. Rxd7 Qf3+ 40. Kf1 Qh1+ 41. Ke2 Qh5+ 42. Ke1 Qh1+ 43. Ke2 Qh5+
44. Ke1 Qh1+ 1/2-1/2

[Event "4NCL 2009-10"]
[Site "Sunningdale ENG"]
[Date "2010.01.16"]
[Round "3"]
[White "Allinson,J"]
[Black "Chapman,T"]
[Result "0-1"]
[WhiteElo "2135"]
[BlackElo "2222"]
[EventDate "2009.10.24"]

1. d4 Nf6 2. Nf3 c5 3. d5 b5 4. c4 Bb7 5. Qc2 Na6 6. Nc3 Nb4 7. Qb1 bxc4 8.
e4 e6 9. dxe6 fxe6 10. Bxc4 Be7 11. O-O O-O 12. Ng5 h6 13. Nxe6 dxe6 14.
Bxe6+ Kh8 15. e5 Nfd5 16. f4 Nxf4 0-1

[Event "4NCL 2009-10"]
[Site "Sunningdale ENG"]
[Date "2010.01.16"]
[Round "3"]
[White "Coleman,D"]
[Black "Punnett,A"]
[Result "1-0"]
[WhiteElo "2244"]
[BlackElo "2094"]
[EventDate "2009.10.24"]

1. e4 e6 2. d4 d5 3. Nc3 Bb4 4. e5 c5 5. a3 Bxc3+ 6. bxc3 Ne7 7. Qg4 Qc7 8.
Bd3 cxd4 9. Ne2 dxc3 10. Qxg7 Rg8 11. Qh6 Qxe5 12. Bxh7 Nf5 13. Qf4 Qxf4
14. Bxf4 Rh8 15. Bxf5 exf5 16. Nxc3 Be6 17. O-O-O Na6 18. Nxd5 Rc8 19. Rhe1
Rh4 20. Bd6 Rhc4 21. Nf6+ Kd8 22. Rxe6 fxe6 23. Be5+ Ke7 24. Rd7+ Kf8 25.
Bd6+ 1-0

[Event "4NCL 2009-10"]
[Site "Sunningdale ENG"]
[Date "2010.01.16"]
[Round "3"]
[White "Stimpson,P"]
[Black "Ynojosa,A"]
[Result "1-0"]
[WhiteElo "2085"]
[BlackElo "1753"]
[EventDate "2009.10.24"]

1. e4 c5 2. Nc3 Nc6 3. Nf3 e5 4. Bc4 Be7 5. d3 d6 6. Nd5 Nf6 7. Nxe7 Qxe7
8. h3 h6 9. c3 Be6 10. Qe2 Nd7 11. O-O O-O 12. Be3 f5 13. Nh4 Bxc4 14. Ng6
Qf7 15. Nxf8 Ba6 16. Nxd7 Qxd7 17. exf5 Qxf5 18. Qg4 Qxg4 19. hxg4 Bxd3 20.
Rfd1 c4 1-0

[Event "4NCL 2009-10"]
[Site "Sunningdale ENG"]
[Date "2010.01.16"]
[Round "3"]
[White "Conquest,S"]
[Black "Hunt,A"]
[Result "1-0"]
[WhiteElo "2563"]
[BlackElo "2422"]
[EventDate "2009.10.24"]

1. c4 g6 2. Nc3 Bg7 3. d4 Nf6 4. e4 d6 5. Bd3 O-O 6. Nge2 e5 7. d5 a5 8.
O-O Na6 9. Kh1 Nh5 10. Be3 f5 11. exf5 gxf5 12. f4 e4 13. Bc2 Nf6 14. h3 c5
15. dxc6 bxc6 16. Qd2 Be6 17. Bb3 Kh8 18. Rfd1 Ne8 19. Nd4 Bd7 20. Ba4 Qc7
21. Nb3 Nb4 22. a3 Nd3 23. Nc1 Nxc1 24. Raxc1 Rb8 25. b4 axb4 26. axb4 Be6
27. c5 dxc5 28. Bxc5 Rg8 29. Ne2 Bd5 30. Qe3 Ra8 31. Bb6 Qe7 32. Bc5 Qc7
33. Bc2 Nd6 34. Nc3 Nc4 35. Nxd5 cxd5 36. Qf2 Qf7 37. Bb3 Ra3 38. Qc2 Rc8
39. Bxc4 dxc4 40. Qxc4 Qh5 41. Qf1 Ra2 42. Bd4 Rg8 43. Bxg7+ Kxg7 44. Rc7+
Kh8 45. Rdd7 Qg6 46. Ra7 Rb2 47. g4 e3 48. Qc1 Rb1 49. Qxb1 1-0

[Event "4NCL 2009-10"]
[Site "Sunningdale ENG"]
[Date "2010.01.16"]
[Round "3"]
[White "Ledger,A"]
[Black "King,D"]
[Result "1-0"]
[WhiteElo "2431"]
[BlackElo "2494"]
[EventDate "2009.10.24"]

1. d4 e6 2. c4 d5 3. Nf3 Nf6 4. g3 Be7 5. Bg2 O-O 6. O-O Nbd7 7. Nbd2 c6 8.
Qc2 a5 9. e4 a4 10. Re1 b6 11. e5 Ne8 12. cxd5 cxd5 13. h4 Qc7 14. Qd1 a3
15. bxa3 Ba6 16. Re3 Bb5 17. Bf1 Bxf1 18. Nxf1 Qa7 19. h5 h6 20. Rb1 Nc7
21. g4 Qa4 22. Qxa4 Rxa4 23. Rc3 Ra7 24. Ne3 Rfa8 25. Nc2 Ne8 26. Nfe1 Rc7
27. Rbb3 Rac8 28. Rxc7 Rxc7 29. Bd2 f6 30. f4 Kf7 31. Rc3 Ra7 32. Nd3 Nc7
33. Rb3 b5 34. f5 Nb6 35. Bf4 Nc4 36. exf6 Bxf6 37. Bxc7 Rxc7 38. fxe6+ Ke7
39. Rxb5 Nd6 40. Rc5 Rb7 41. Rxd5 Rb1+ 42. Kf2 Kxe6 43. Ne3 Ra1 44. Kf3
Rxa2 45. a4 Ke7 46. a5 Ra3 47. Ne5 Rb3 48. a6 Bg5 49. Rxd6 Kxd6 50. N5c4+
Kc7 51. a7 Rxe3+ 52. Nxe3 Kb7 53. Nf5 Bf6 54. Ke4 Kxa7 55. Kd5 Kb6 56. Ke6
Kb5 57. d5 Kc4 58. Nxh6 1-0

[Event "4NCL 2009-10"]
[Site "Sunningdale ENG"]
[Date "2010.01.16"]
[Round "3"]
[White "Kosten,A"]
[Black "Ansell,S"]
[Result "1-0"]
[WhiteElo "2497"]
[BlackElo "2380"]
[EventDate "2009.10.24"]

1. c4 e5 2. g3 d6 3. d4 Be7 4. Nc3 f5 5. Bg2 Nf6 6. e3 O-O 7. Nge2 Qe8 8.
b3 a5 9. Bb2 Nc6 10. O-O Qh5 11. Nb5 Bd8 12. Nec3 Qxd1 13. Raxd1 e4 14. f3
exf3 15. Bxf3 Na7 16. Nxa7 Rxa7 17. Bg2 g6 18. c5 dxc5 19. Nb5 Ra6 20. dxc5
a4 21. b4 a3 22. Be5 Re6 23. Bxc7 Bxc7 24. Nxc7 Rxe3 25. Rfe1 Rxe1+ 26.
Rxe1 Ne4 27. Bxe4 fxe4 28. Rxe4 Bh3 29. Re8 Rxe8 30. Nxe8 Be6 31. Nd6 Bxa2
32. Nb5 Kf7 33. Kf2 Ke6 34. Ke3 Bc4 35. Nxa3 Kd5 36. Kd2 g5 37. Kc3 Bf1 38.
Nc2 Ke4 39. Nd4 Kd5 40. Nb3 Bg2 41. Na5 Ke6 42. Kd4 Bf3 43. b5 Be2 44. b6
Ba6 45. Ke4 1-0

[Event "4NCL 2009-10"]
[Site "Sunningdale ENG"]
[Date "2010.01.16"]
[Round "3"]
[White "Baker,CW"]
[Black "Berzinsh,R"]
[Result "0-1"]
[WhiteElo "2357"]
[BlackElo "2424"]
[EventDate "2009.10.24"]

1. e4 e5 2. Nf3 Nc6 3. Bb5 Nf6 4. O-O Nxe4 5. d4 Nd6 6. Bxc6 dxc6 7. dxe5
Nf5 8. Qxd8+ Kxd8 9. b3 Bd7 10. Bb2 h6 11. Nbd2 Kc8 12. Rfe1 b6 13. Rad1 a5
14. Ne4 a4 15. Re2 axb3 16. axb3 Be6 17. h3 Ra2 18. Rb1 Bb4 19. g4 Ne7 20.
Nd4 Bd5 21. Nf5 Ng6 22. Nxg7 Nf4 23. Re3 Rg8 24. e6 fxe6 25. Ra1 Rxb2 26.
Ra8+ Kb7 27. Rxg8 Rxc2 28. Ne8 Nxh3+ 29. Rxh3 Bxe4 30. Re3 Bd5 31. Rg7 Bc5
32. Rxc7+ Ka6 33. Kf1 Bxe3 34. fxe3 Bxb3 35. Rh7 Bc4+ 36. Kg1 b5 37. Rxh6
b4 0-1

[Event "4NCL 2009-10"]
[Site "Sunningdale ENG"]
[Date "2010.01.16"]
[Round "3"]
[White "Buckley,G"]
[Black "Ledger,D"]
[Result "0-1"]
[WhiteElo "2388"]
[BlackElo "2245"]
[EventDate "2009.10.24"]

1. d4 Nf6 2. c4 g6 3. Nc3 Bg7 4. e4 d6 5. Nf3 O-O 6. Be2 e5 7. Be3 h6 8.
O-O Ng4 9. Bc1 Nc6 10. d5 Ne7 11. b4 f5 12. a4 Nf6 13. Nd2 g5 14. a5 Ng6
15. Re1 Rf7 16. c5 Bf8 17. a6 b6 18. Bb5 dxc5 19. Bc6 cxb4 20. Nb5 Bd7 21.
exf5 Bxf5 22. Nc4 Bd7 23. Qc2 Bxc6 24. dxc6 Nh4 25. Bxg5 hxg5 26. Rad1 Qc8
27. Nxe5 Rg7 28. Nd4 Bd6 29. Qc4+ Kh8 30. Nf7+ Rxf7 31. Qxf7 Qf8 32. Qe6
Re8 33. Qh3 Rxe1+ 34. Rxe1 Qh6 35. Qc8+ Kh7 36. g3 Ng6 37. Nf5 Qf8 38. Nxd6
Qxd6 39. Qf5 Kg7 40. Qxg5 Qc5 41. Qd2 Qc3 42. Qd1 Qxc6 43. Re3 Qd5 44. Rd3
Qf5 45. Rd8 Ne5 46. Kg2 Ne4 47. f4 Nf7 48. Rd7 Qc5 49. Rd5 Qc6 50. Kg1 Nc3
51. Qg4+ Qg6 52. Qd7 Qb1+ 53. Kf2 Qa2+ 54. Rd2 Ne4+ 0-1

[Event "4NCL 2009-10"]
[Site "Sunningdale ENG"]
[Date "2010.01.16"]
[Round "3"]
[White "Nelson,Jo"]
[Black "Povah,N"]
[Result "1/2-1/2"]
[WhiteElo "2245"]
[BlackElo "2336"]
[EventDate "2009.10.24"]

1. e4 d5 2. exd5 Nf6 3. Nf3 Qxd5 4. Nc3 Qd6 5. d4 a6 6. Bg5 b5 7. Bd3 Nbd7
8. Qe2 Bb7 9. O-O-O e6 10. Kb1 Be7 11. Rhe1 h6 12. Bc1 O-O-O 13. Ne5 Rhf8
14. f4 Nd5 15. Ne4 Qb6 16. Nxd7 Rxd7 17. f5 Nb4 18. Nc3 Nxd3 19. Qxd3 Bf6
20. fxe6 fxe6 21. Qh3 Re8 22. Ne2 Kb8 23. Nf4 Rxd4 24. Rxd4 Qxd4 25. Rxe6
Rd8 26. Re1 Qb4 27. c3 Qc4 28. Qe6 Qxe6 29. Rxe6 Rd1 30. Kc2 Rd8 31. Nh5
Bc8 32. Re1 Bf5+ 33. Kb3 Rd6 34. Nxf6 Rxf6 35. Re7 g5 36. Be3 Kb7 37. Bd4
Rc6 38. a3 Bd3 39. Be5 a5 40. Rd7 Be4 41. g3 a4+ 42. Kb4 Kb6 43. Bd4+ Ka6
44. Bc5 Bf5 45. Rf7 Bd3 46. Rd7 Bc4 47. Re7 Kb7 48. Bd4 Ka6 49. Bc5 Kb7 50.
Bd4 Ka6 51. Bc5 1/2-1/2

[Event "4NCL 2009-10"]
[Site "Sunningdale ENG"]
[Date "2010.01.16"]
[Round "3"]
[White "Wall,G"]
[Black "Ledger,S"]
[Result "1-0"]
[WhiteElo "2296"]
[BlackElo "2106"]
[EventDate "2009.10.24"]

1. e4 c5 2. Nf3 Nc6 3. Bb5 g6 4. O-O Bg7 5. Nc3 Nd4 6. Bc4 a6 7. a4 e6 8.
d3 Ne7 9. Nxd4 cxd4 10. Ne2 O-O 11. Bd2 d5 12. exd5 Nxd5 13. Qc1 b6 14. Bh6
Ne7 15. Bxg7 Kxg7 16. Qf4 Nc6 17. h4 Bb7 18. h5 e5 19. Qg3 Qd6 20. f4 Rae8
21. f5 Nb4 22. f6+ Kh8 23. Qg5 Nd5 24. Ng3 Rg8 25. Ne4 Qf8 26. Bxd5 Bxd5
27. Rae1 gxh5 28. Qxh5 Rg6 29. Rf5 Qh6 30. Qxh6 Rxh6 31. Ng5 Rg6 32. Rfxe5
Rxe5 33. Rxe5 h6 34. Rxd5 hxg5 35. Rd6 b5 36. a5 1-0

[Event "4NCL 2009-10"]
[Site "Sunningdale ENG"]
[Date "2010.01.16"]
[Round "3"]
[White "Yurenok,M"]
[Black "Grigoryan Lyell,M"]
[Result "1/2-1/2"]
[WhiteElo "1981"]
[BlackElo "2122"]
[EventDate "2009.10.24"]

1. Nf3 Nf6 2. d4 d5 3. c4 e6 4. cxd5 exd5 5. Nc3 c6 6. Bg5 Be7 7. Qc2 h6 8.
Bh4 Nbd7 9. e3 Qa5 10. Bd3 O-O 11. O-O Re8 12. a3 b5 13. b4 1/2-1/2

[Event "4NCL 2009-10"]
[Site "Sunningdale ENG"]
[Date "2010.01.16"]
[Round "3"]
[White "Slaby,Je"]
[Black "Turner,Ma"]
[Result "1-0"]
[WhiteElo "2463"]
[BlackElo "2508"]
[EventDate "2009.10.24"]

1. Nf3 Nf6 2. c4 e6 3. d4 d5 4. Nc3 Be7 5. Bg5 O-O 6. e3 b6 7. cxd5 exd5 8.
Bd3 Bb7 9. O-O Nbd7 10. Ne5 Nxe5 11. dxe5 Nd7 12. Bf4 Nc5 13. Bc2 Re8 14.
Bg3 g6 15. f4 f5 16. b4 Ne4 17. Nxe4 dxe4 18. Qe2 Bd5 19. Rfd1 c6 20. b5
Qc7 21. bxc6 Bxc6 22. Bb3+ Kg7 23. Qf2 Rad8 24. Bh4 Rd3 25. Bf6+ Bxf6 26.
exf6+ Kxf6 27. Qb2+ Ke7 28. Bc4 Rd6 29. Qg7+ Kd8 30. Rxd6+ Qxd6 31. Qxa7
Qc7 32. Rd1+ Bd7 33. Qa8+ Ke7 34. Qa3+ Qc5 35. Qc3 Kd8 36. Qd2 Re7 37. Bb3
g5 38. Rc1 Qa5 39. Qd6 Qa7 40. fxg5 b5 41. Kf2 b4 42. g3 Ke8 43. Rc7 Qa3
44. Qd4 1-0

[Event "4NCL 2009-10"]
[Site "Sunningdale ENG"]
[Date "2010.01.16"]
[Round "3"]
[White "D'Costa,L"]
[Black "Slavin,A"]
[Result "1/2-1/2"]
[WhiteElo "2479"]
[BlackElo "2331"]
[EventDate "2009.10.24"]

1. Nf3 c5 2. c4 g6 3. d4 cxd4 4. Nxd4 Nc6 5. g3 Bg7 6. Nc2 d6 7. Bg2 Be6 8.
Ne3 Qd7 9. h4 Na5 10. Na3 h5 11. Qd2 Nc6 12. Rb1 Nf6 13. b3 O-O 14. Bb2
Rab8 15. Nd5 Ne5 16. O-O Nxd5 17. cxd5 Bh3 18. Rbc1 Rbc8 19. Bd4 a6 20.
Rfd1 Rxc1 21. Rxc1 Rc8 22. Rc3 1/2-1/2

[Event "4NCL 2009-10"]
[Site "Sunningdale ENG"]
[Date "2010.01.16"]
[Round "3"]
[White "Cumbers,P"]
[Black "Collinson,A"]
[Result "0-1"]
[WhiteElo "2218"]
[BlackElo "2393"]
[EventDate "2009.10.24"]

1. d4 Nf6 2. c4 g6 3. Nc3 Bg7 4. e4 d6 5. Nf3 O-O 6. Be2 Na6 7. O-O e5 8.
Re1 c6 9. Bf1 Bg4 10. d5 c5 11. Be2 Ne8 12. Bg5 f6 13. Be3 Bd7 14. h4 Nac7
15. Qd2 f5 16. Bg5 Bf6 17. Bh6 Bg7 18. Bg5 Bf6 19. g3 Bxg5 20. hxg5 f4 21.
Kg2 Bg4 22. Rh1 Bxf3+ 23. Bxf3 Qxg5 24. Rh4 Qf6 25. Qe2 Ng7 26. Rah1 h5 27.
R4h2 fxg3 28. fxg3 Qg5 29. Nb1 Nce8 30. Nd2 Nf6 31. Rg1 Rf7 32. Kh1 Raf8
33. g4 h4 34. Qe1 Nh7 35. Rf1 Ne8 36. Rxh4 Qe7 37. Kg2 Ng5 38. Rfh1 Rh7 39.
Rxh7 Nxh7 40. Qh4 Qxh4 41. Rxh4 Ng5 42. Kg3 Rf4 43. Bg2 Nf6 44. b3 Kg7 45.
Bh1 a6 46. a4 Ngxe4+ 47. Nxe4 Nxe4+ 48. Bxe4 Rxe4 49. Rh3 Re3+ 50. Kg2 Rxh3
51. Kxh3 Kf6 52. a5 e4 53. Kg3 Ke5 54. Kf2 Kd4 55. Ke2 0-1

[Event "4NCL 2009-10"]
[Site "Sunningdale ENG"]
[Date "2010.01.16"]
[Round "3"]
[White "Burrows,M"]
[Black "Cox,JohnJ"]
[Result "1/2-1/2"]
[WhiteElo "2172"]
[BlackElo "2378"]
[EventDate "2009.10.24"]

1. e4 e5 2. Bc4 Nf6 3. d4 exd4 4. Nf3 Nc6 5. e5 Ne4 6. O-O d5 7. exd6 Nxd6
8. Bd5 Nf5 9. Bxc6+ bxc6 10. g4 Nh6 11. Bxh6 gxh6 12. Qxd4 Qxd4 13. Nxd4
Bxg4 14. Re1+ Kd7 15. Nc3 c5 16. Nde2 Rg8 17. Ng3 h5 18. Nd5 Kc6 19. Nf6
Rg6 20. Nxg4 hxg4 21. Rad1 Bd6 22. c4 h5 23. Nf5 Re6 24. Rxe6 fxe6 25. Ng7
h4 26. Re1 Kd7 27. Re4 Rg8 28. Nxe6 Re8 29. Ng5 h3 30. Rxe8 Kxe8 31. Ne4
Be7 32. f3 gxf3 1/2-1/2

[Event "4NCL 2009-10"]
[Site "Sunningdale ENG"]
[Date "2010.01.16"]
[Round "3"]
[White "Devereaux,M"]
[Black "Birtwistle,N"]
[Result "1/2-1/2"]
[WhiteElo "2387"]
[BlackElo "2179"]
[EventDate "2009.10.24"]

1. d4 Nf6 2. Nf3 c5 3. d5 e6 4. Nc3 b5 5. Bg5 b4 6. Ne4 Bb7 7. Bxf6 gxf6 8.
c4 bxc3 9. Nxc3 f5 10. e3 Bg7 11. Bc4 O-O 12. O-O Na6 13. dxe6 dxe6 14. Qe2
Nb4 15. Rfd1 Qf6 16. a3 Nc6 17. Na4 Ne5 18. Nxe5 Qxe5 19. Ba6 Bxg2 20. f4
Qe4 21. Nxc5 Qc6 22. Bb7 Qxc5 23. Bxg2 Rab8 1/2-1/2

[Event "4NCL 2009-10"]
[Site "Sunningdale ENG"]
[Date "2010.01.16"]
[Round "3"]
[White "Greet,A"]
[Black "Swanson,S"]
[Result "1-0"]
[WhiteElo "2431"]
[BlackElo "2263"]
[EventDate "2009.10.24"]

1. e4 g6 2. d4 Bg7 3. Nc3 d6 4. f4 a6 5. Nf3 b5 6. Bd3 Nd7 7. Be3 Bb7 8.
Qe2 b4 9. Nd1 Ngf6 10. Nf2 e6 11. g4 c5 12. c3 h5 13. g5 Ng4 14. Nxg4 hxg4
15. Nd2 Qc7 16. O-O bxc3 17. bxc3 d5 18. e5 Rh3 19. Rfc1 c4 20. Bc2 Qa5 21.
Bd1 Bc6 22. Qf2 Rb8 23. Bxg4 Rh8 24. h4 Nb6 25. Rab1 Bf8 26. h5 gxh5 27.
Bh3 Ba3 28. f5 Rf8 29. g6 fxg6 30. f6 Kd7 31. Nf3 Bxc1 32. Rxc1 Na4 33. Ng5
Rbe8 34. f7 Re7 35. Qf6 Rfxf7 36. Bxe6+ Kc7 37. Bxf7 1-0